000
00289nam a2200133Ia 4500
008
210312s9999||||xx |||||||||||||| ||und||
041
_a
osm
050
_a
BL51
050
_b
L46.D56
100
_a
Leonyan, Lütfü
245
0
_a
Din nedir?
260
_c
1927
650
_a
Din--Din felsefesi
999
_c
21969
_d
21969